|
|
|
|
| LEADER |
01049nam a2200241 a 4500 |
| 001 |
788757 |
| 008 |
091101s1975 nyua b 001 0 eng d |
| 010 |
|
|
|a 74013505
|
| 020 |
|
|
|a 0070077657
|
| 040 |
|
|
|a DLC
|c DLC
|d DLC
|
| 082 |
0 |
0 |
|a 361/.973
|2 18
|
| 100 |
1 |
|
|a Brieland, Donald,
|d 1924-
|
| 245 |
1 |
0 |
|a Contemporary social work:
|b an introduction to social work and social welfare.
|c [Edited by] Donald Brieland, Lela B. Costin [and] Charles R. Atherton and contributors.
|
| 260 |
|
|
|a New York :
|b McGraw-Hill,
|c [1975]
|
| 300 |
|
|
|a x, 490 p. :
|b illus. ;
|c 24 cm.
|
| 504 |
|
|
|a Includes bibliographical references.
|
| 541 |
1 |
|
|e 00001466
|
| 650 |
|
0 |
|a Social service
|z United States.
|
| 700 |
1 |
|
|a Costin, Lela B.,
|e joint author.
|
| 700 |
1 |
|
|a Atherton, Charles R.,
|e joint author.
|
| 852 |
4 |
|
|a Ayesha Abed Library
|j General Shelf.
|
| 999 |
|
|
|c 4982
|d 4982
|
| 952 |
|
|
|0 0
|1 0
|2 ddc
|4 0
|6 361_973000000000000_BRI_1975
|7 0
|9 4805
|a BRACUL
|b BRACUL
|c GEN
|d 2009-11-02
|g 0.00
|l 0
|o 361.973 BRI
|p 3010001466
|r 2009-11-02
|t 1
|w 2009-11-02
|y BK
|x No price found in the accession register.
|